Lyn Names for Ladies Quiz Stats

Quiz Updated Oct 19, 2016

Challenge
Share
Tweet
Embed
Score 0/60 Timer 10:00
0 Plays Today
Year Name % Correct
1920Marilyn
79.2%
1930Marilyn
79.2%
1940Marilyn
79.2%
1950Marilyn
79.2%
1960Marilyn
79.2%
1970Marilyn
79.2%
1900Carolyn
69.2%
1910Carolyn
69.2%
1920Carolyn
69.2%
1930Carolyn
69.2%
1940Carolyn
69.2%
1950Carolyn
69.2%
1960Carolyn
69.2%
1970Carolyn
69.2%
1980Carolyn
69.2%
1990Carolyn
69.2%
1950Lynn
68.2%
1960Lynn
68.2%
1970Lynn
68.2%
1980Lynn
68.2%
1900Evelyn
46.4%
1910Evelyn
46.4%
1920Evelyn
46.4%
1930Evelyn
46.4%
1940Evelyn
46.4%
1950Evelyn
46.4%
1960Evelyn
46.4%
1970Evelyn
46.4%
1980Evelyn
46.4%
2010Evelyn
46.4%
Year Name % Correct
1900Madelyn
40.7%
1910Madelyn
40.7%
1920Madelyn
40.7%
2000Madelyn
40.7%
2010Madelyn
40.7%
1940Lynda
39.1%
1950Lynda
39%
1990Caitlyn
38.8%
2000Caitlyn
38.8%
1990Kaitlyn
34.5%
2000Kaitlyn
34.5%
2010Kaitlyn
34.5%
1990Katelyn
32.8%
2000Katelyn
32.8%
2000Jocelyn
27%
2010Jocelyn
27%
2010Brooklyn
21.3%
1900Gwendolyn
20.2%
1910Gwendolyn
20.2%
1920Gwendolyn
20.2%
1930Gwendolyn
20.2%
1940Gwendolyn
20.2%
1960Gwendolyn
20.2%
1970Gwendolyn
20.2%
1930Jacquelyn
20.1%
1980Jacquelyn
20.1%
1980Jaclyn
14.7%
1990Jaclyn
14.7%
1900Evalyn
7.1%
1910Ethelyn
3.9%

You're not logged in!

Compare scores with friends on all Sporcle quizzes.
Join for Free
OR
Log In

You Might Also Like...

Show Comments

Extras

Top Quizzes Today


Score Distribution

Your Account Isn't Verified!

In order to create a playlist on Sporcle, you need to verify the email address you used during registration. Go to your Sporcle Settings to finish the process.

Report this User

Report this user for behavior that violates our Community Guidelines.

Details: